| 000 | 00709nam a22001697a 4500 | ||
|---|---|---|---|
| 999 |
_c14965 _d14965 |
||
| 008 | 200203b ||||| |||| 00| 0 eng d | ||
| 082 |
_22013 _aUT 1452 _bSe39 |
||
| 100 |
_aSeguisabal, Mariz P. _941549 |
||
| 245 |
_aThe Role of Mass Media in Crime Prevention and the Level of Perception Among of the Selected Residence of Brgy. Zone 1, Digos City/ _cMariz P. Seguisabal, Erwin Jay P. Lauria & Edward C. Gillado |
||
| 260 |
_aDigos City _bUMDC _cMarch 2013 |
||
| 300 |
_a36 pages _c30 cm |
||
| 650 |
_aCriminal Justice _vCriminology _xUndergraduate Thesis _936874 |
||
| 700 |
_aSeguisabal, Mariz P. _941550 |
||
| 700 |
_a Lauria, Erwin Jay P. _941551 |
||
| 700 |
_a Gillado, Edward C. _941552 |
||
| 942 |
_2ddc _cUT |
||